[Event "Roncana op-C 5th"]
[Site "Santa Eulalia de Roncana"]
[Date "2011.10.22"]
[Round "4"]
[White "Salinas Garcia, Pau"]
[Black "Torras Coloma, Pau"]
[Result "1-0"]
[WhiteElo "1780"]
[BlackElo "1713"]
[PlyCount "71"]
[EventDate "2011.10.01"]
[EventType "swiss"]
[EventRounds "8"]
[EventCountry "ESP"]
[SourceTitle "EXT 2013"]
[Source "ChessBase"]
[SourceDate "2012.11.22"]
[SourceVersion "1"]
[SourceVersionDate "2012.11.22"]
[SourceQuality "1"]

1. e4 d5 2. f3 e6 3. exd5 exd5 4. Qe2+ Ne7 5. d3 Be6 6. Bf4 g6 7. Nd2 Bg7 8. Be5 Bxe5 9. Qxe5 0-0 10. 0-0-0 Nbc6 11. Qf6 Nf5 12. Qxd8 Raxd8 13. Re1 d4 14. g4 Ne3 15. b3 Nb4 16. Kb1 Nexc2 17. Rc1 Na3+ 18. Kb2 Nb5 19. Nh3 Nc3 20. Ng5 c6 21. Bh3 a5 22. Nge4 Nxe4 23. Nxe4 a4 24. a3 axb3 25. Nc5 Nc2 26. a4 Bd5 27. Rhf1 b5 28. Nxb3 Bxb3 29. Kxb3 Ne3 30. Rxc6 bxa4+ 31. Ka3 Rb8 32. Rcc1 Rb3+ 33. Ka2 Rbb8 34. g5 Nf5 35. Rb1 Rxb1 36. Kxb1 1-0